| 000 | 00828nam a2200265 a 4500 | ||
|---|---|---|---|
| 001 | 42226 | ||
| 003 | BD-RjUL | ||
| 005 | 20211209053518.0 | ||
| 008 | 160611s1950 nyu 000 0 eng u | ||
| 035 | _a(OCoLC)ocm01310882 | ||
| 035 | _a(BD-RjUL)42344 | ||
| 035 | _a(NNC)1222719 | ||
| 040 |
_cORL _dm.c. _dZCU _aBD-RjUL _beng |
||
| 041 | _aeng | ||
| 082 |
_a327.73 _bREC 1950 |
||
| 245 | 1 | 4 |
_aThe record of American diplomacy : _bdocuments and readings in the history of American foreign relations / _c Ruhl Jacob Bartlett |
| 250 | _a2d ed., enl. | ||
| 260 |
_aNew York : _bKnopf, _c1950. |
||
| 300 |
_axx, 768, xvii p. ; _c25 cm. |
||
| 500 | _aindex present | ||
| 504 | _aBibliography: p. 767-768. | ||
| 651 | 0 |
_aUnited States _xForeign relations _vSources. _9129863 |
|
| 942 |
_2ddc _cBK |
||
| 999 |
_c42226 _d42226 |
||